Statistics for LEGO Ninjago: Characters

Click here to take the quiz!

General Stats

  • This quiz has been taken 1,210 times
    (1,200 since last reset)
  • The average score is 41 of 148

Answer Stats

Role#Character% Correct
Elemental Master Of Fire2kai
99%
Sensei1Wu
99%
/\ Sister of3Nya
97%
Elemental Master Of Lightning6Jay
96%
Elemental Master Of Ice9Zane
94%
Elemental Master Of Earth13Cole
90%
Elemental Master Of Energy15Lloyd
88%
/\ Father of17Garmadon
86%
/\ Mother of16Misako
77%
/\ Father of5Ray
68%
/\ Father of8Ed
67%
/\ Mother of4Maya
67%
/\ Mother of7Edna
66%
Master of Wind95Morro
63%
Elemental Master Of Amber80Skylor
61%
Anacondrai General51Pythor
59%
Earth Dragon21Rocky
57%
The Dark Lord59Overlord
56%
Brown Ninja54Dareth
55%
The Royal Familys Daughter140Harumi
52%
Owns A Noodle Factory72Master Chen
52%
Elemental Master Of Metal81Karlof
51%
/\ Bird of12Falcon
50%
/\ Rusty Version10Echo Zane
48%
Skeleton Army General #122Samukai
48%
Hypnobrai General32Skales
48%
Elemental Master Of Smoke86Ash
47%
Time Twin #2126Krux
47%
Sky Pirate General114Nadakhan
47%
Time Twin #1125Acronix
46%
/\ Assistant of67P.I.X.A.L.
46%
Elemental Master Of Poison84Tox
46%
Bounty Hunter, Helps the Ninja92Ronin
45%
Elemental Master Of Mind85Neuro
44%
Elemental Master Of Nature87Bolobo
42%
Ghost Warrior #2107Cyrus
41%
/\ Creator of11Dr. Julien
41%
Elemental Master Of Gravity88Gravis
40%
/\ Father of14Lou
40%
Elemental Master Of Speed82Griffin Turner
39%
HUGE SNAKE53Great Devourer
38%
Sons of Garmadon Leader135Mr. E
38%
Purple Ninja55Nelson
38%
Elemental Master Of Shadow91Shade
38%
Son of Garmadon #1136Ultra Violet
38%
Tea Shop owner (Sold Wu "Travellers Tea")31Mistaké
37%
Fire Dragon18Flame
34%
Ice Dragon20Shard
34%
Ghost Sensei94Yang
34%
Created Nindroids66Cyrus Borg
33%
"Pirates VS Ninjas"-Pirate #156Soto
32%
Anacondrai Cultist #173Clouse
31%
Leader of The Hunters142Iron Baron
31%
Lightning Dragon19Wisp
31%
Elemental Master Of Light83Paleman
30%
Elemental Master Of Form90Chamille
29%
Hunter #1143Heavy Metal/Faith
29%
Nindroid #371Min-Droid
29%
Nindroid General68General Cryptor
27%
Sky Pirate #3119Dogshank
26%
Stone Army General60General Kozu
26%
Son of Garmadon #4139Killow
26%
Skeleton Army General #324Kruncha
26%
Fangpire General38Fangtom
25%
Sky Pirate #1117Flintlocke
24%
Sky Pirate #4120Clancee
23%
Blade Master97Bansha
22%
Venomari General42Acidicus
21%
Bow Master99Soul Archer
21%
Anacondrai Cultist #577Eyezor
20%
Skeleton Army General #425Nuckal
20%
Sky Pirate #5121Doubloon
19%
Schyte Master98Ghoultar
19%
The Royal Familys Butler141Hutchins
19%
Anacondrai52Arcturus
18%
Vermillion #1127Machia
17%
Hunter #4146Daddy No Legs
16%
Hunter #5147Jet Jack
16%
Constrictai General47Skalidor
16%
Skeleton Army General #223Wyplash
16%
Sky Pirate #7123Bucko
15%
Anacondrai Cultist #678Chope
15%
Fangpire #139Fangdam
15%
Ghost Queen93The Preeminent
15%
/\ Wife of116Dilara
14%
Elemental Master Of Sound89Jacob Pevsner
14%
Anacondrai Cultist #779Kapau
14%
Skeleton Army Warrior #429Krazi
14%
Venomari #345Lasha
14%
Sky Pirate #2118Monkey Wretch
14%
"Pirates VS Ninjas"-Pirate #358No-Eyed Pete
14%
Venomari #244Spitta
14%
Skeleton Army Warrior #227Bonezai
13%
Hypnobrai #436Mezmo
13%
Hypnobrai #234Skales Jr.
13%
Hypnobrai #335Slithraa
13%
Sky Pirate #6122Squiffy
13%
Hunter #3145Chew Toy
12%
Fangpire #240Fang-Suei
12%
Hunter #6148Muzzle
12%
Hypnobrai #537Rattla
12%
Chain Master96Wrayth
12%
Constrictai #148Bytar
11%
Constrictai #249Chokun
11%
Skeleton Army Warrior #126Frakjaw
11%
/\ father of115Khanjikhan
11%
Anacondrai Cultist #375Zugu
11%
Vermillion #3129Blunck
10%
Skeleton Army Warrior #328Chopov
10%
Sky Pirate #8124Cyren
10%
Venomari #143Lizaru
10%
Son of Garmadon #2137Luke Cunningham
10%
Vermillion #2128Raggmunk
10%
Stone Army #363Stone Warrior
10%
Hunter #2144Arkade
9%
Hypnobrai #133Selma
9%
Fangpire #341Snappa
9%
Constrictai #350Snike
9%
Anacondrai Cultist #274Krait
8%
Anacondrai Cultist #476Sleven
8%
Ghost Ninja #1100Attila
7%
Stone Army #262Giant Stone Warrior
7%
Ghost Ninja #4103Spyder
7%
Son of Garmadon #3138Chopper Maroon
6%
"Pirates VS Ninjas"-Pirate #257First Mate
6%
Ghost Ninja #3102Ming
6%
Ghost Warrior #4109Pitch
6%
Stone Army #565Stone Scout
6%
Vermillion #6132Tannin
6%
Ghost Warrior #5111Wail
6%
Ghost Warrior #6112Yokai
6%
Venomari #446Zoltar
6%
Vermillion #8134Buffmillion
5%
Ghost Warrior #1106Cowler
5%
Nindroid #270Drone
5%
Ghost Warrior #3108Ghurka
5%
Ghost Ninja #2101Hackler
5%
Ghost Ninja #5104Howla
5%
Vermillion #5131Rivett
5%
AAAAAAAHHH!!!113Skreemers
5%
Stone Army #464Stone Swordsman
5%
Vermillion #7133Vermin
5%
Nindroid #169Warrior
5%
Ghost Ninja #6105Wooo
5%
Skulkin Spiders30Spykor
4%
Hunter #7149Skullbreaker
3%
Vermillion #4130Slakjaw
3%
Stone Army #161Bobbleheads
2%

Score Distribution

Percentile by Number Answered

Percent of People with Each Score

Your Score History

You have not taken this quiz since the last reset